Tant que la terre durera (Record no. 146750)

MARC details
000 -LEADER
campo de control de longitud fija 01543nam a2200253 i 4500
001 - NÚMERO DE CONTROL
campo de control 146750
003 - IDENTIFICADOR DE NÚMERO DE CONTROL
campo de control ES-MaACL
005 - FECHA Y HORA DE LA ÚLTIMA TRANSACCIÓN
campo de control 20260511145842.0
007 - CAMPO FIJO DE DESCRIPCIÓN FÍSICA--INFORMACIÓN GENERAL
campo de control de longitud fija t|
008 - DATOS DE LONGITUD FIJA--INFORMACIÓN GENERAL
campo de control de longitud fija 070917m19501951fr ||||1| fre d
100 ## - ENTRADA PRINCIPAL--NOMBRE DE PERSONA
Nombre de persona Troyat, Henri,
Fechas asociadas al nombre 1911-2007
9 (RLIN) 233580
245 10 - MENCIÓN DEL TÍTULO
Título Tant que la terre durera
Resto del título : roman /
Mención de responsabilidad, etc. Henri Troyat.
260 ## - PUBLICACIÓN, DISTRIBUCIÓN, ETC.
Lugar de publicación, distribución, etc. Paris :
Nombre del editor, distribuidor, etc. Edit de la Table Ronde,
Fecha de publicación, distribución, etc. [1950]
300 ## - DESCRIPCIÓN FÍSICA
Extensión 3 t. ;
Dimensiones 23 cm.
505 8# - NOTA DE CONTENIDO CON FORMATO
Nota de contenido con formato Contiene: T. I.- Tant que la terre durera.- T. II.- Le sac et la cendre.- T. III.- Etrangers sur la terre
655 #0 - TERMINO DE INDIZACIÓN--GENERO/FORMA
Datos o término principal de género/forma Novelas
9 (RLIN) 234319
852 ## - LOCALIZACIÓN
Ubicación ES-MaACL
Número de control de estantería D-6605
Sublocalización o colección R.31150
-- R.M.6194
itemnumber 152033
Ubicación en estantería Sala Valle Inclán
Partes que faltan El libro no tiene contracubierta.
Marcas de propiedad Sello en tinta azul de la Biblioteca del Ateneo de Madrid.
Designación de la unidad física v.1
Nota libre Sello en titna azul en cubierta: "10.ENE.1952"
852 ## - LOCALIZACIÓN
Ubicación ES-MaACL
Número de control de estantería D-6606
Sublocalización o colección R.31150
-- R.M.6195
Ubicación en estantería Sala Valle Inclán
Partes que faltan El libro no tiene contracubierta.
Marcas de propiedad Sello en tinta azul de la Biblioteca del Ateneo de Madrid.
Designación de la unidad física v.2
Nota libre Sello en titna azul en cubierta: "10.ENE.1952"
itemnumber 204982
Anotaciones manuscritas Anotación manuscrita a lápiz en cubierta: "27".
852 ## - LOCALIZACIÓN
Ubicación ES-MaACL
Número de control de estantería D-6607
Sublocalización o colección R.31150
-- R.M.6196
Ubicación en estantería Sala Valle Inclán
Marcas de propiedad Sello en tinta azul de la Biblioteca del Ateneo de Madrid.
Designación de la unidad física v.3
Nota libre Sello en titna azul en cubierta: "10.ENE.1952"
itemnumber 204983
Anotaciones manuscritas Anotación manuscrita a lápiz en cubierta: "23".
-- Anotación manuscrita a lápiz en cubierta: "W".
942 ## - ELEMENTOS DE ENTRADA SECUNDARIOS (KOHA)
Fuente del sistema de clasificación o colocación Clasificación decimal universal
Tipo de ítem Koha Libro impreso
Holdings
Estatus retirado Estado de pérdida Fuente del sistema de clasificación o colocación Especificación de materiales (volumen encuadernado u otra parte) Estado de daño No para préstamo Biblioteca de origen Biblioteca actual Ubicación en estantería Fecha de adquisición Total de préstamos Signatura topográfica completa Código de barras Visto por última vez Precio de reemplazo Tipo de ítem Koha
    Clasificación decimal universal v.1     Biblioteca del Ateneo de Madrid Biblioteca del Ateneo de Madrid Sala Valle Inclán 17/01/2008   D-6605 101229828 23/02/2023 23/02/2023 Libro impreso
    Clasificación decimal universal v.2     Biblioteca del Ateneo de Madrid Biblioteca del Ateneo de Madrid Sala Valle Inclán 07/04/2025   D-6606 101206220 07/04/2025 07/04/2025 Libro impreso
    Clasificación decimal universal v.3     Biblioteca del Ateneo de Madrid Biblioteca del Ateneo de Madrid Sala Valle Inclán 07/04/2025   D-6607 101206221 07/04/2025 07/04/2025 Libro impreso